[Event "Ïåðâåíñòâî Ìîñêâû ïî øàõìàòàì 2015 ñðåäè ìàëü÷èêîâ (Ì19)"]
[Site "Moscow"]
[Date "2015.11.15"]
[Round "4.5"]
[White "Ìèõàéëîâñêèé, Âëàäèìèð"]
[Black "Êîâàëåâ, Åãîð"]
[Result "0-1"]
[WhiteElo "2126"]
[BlackElo "2144"]
[PlyCount "0"]
[EventDate "2015.11.12"]

1. Nf3 {[%clk 1:30:26]} c5 {[%clk 1:26:39]} 2. g3 {[%clk 1:30:45]} Nc6
{[%clk 1:26:57]} 3. Bg2 {[%clk 1:31:04]} g6 {[%clk 1:26:54]} 4. c4
{[%clk 1:31:16]} Bg7 {[%clk 1:27:12]} 5. Nc3 {[%clk 1:31:37]} e6 {[%clk 1:23:27]}
6. d3 {[%clk 1:31:35]} Nge7 {[%clk 1:19:44]} 7. h4 {[%clk 1:25:39]} h6
{[%clk 1:17:45]} 8. h5 {[%clk 1:25:43]} g5 {[%clk 1:17:49]} 9. Nxg5
{[%clk 1:25:40]} hxg5 {[%clk 1:17:47]} 10. Bxg5 {[%clk 1:26:03]} f6
{[%clk 1:02:50]} 11. Bf4 {[%clk 1:21:21]} Bh6 {[%clk 0:54:54]} 12. Bxh6
{[%clk 1:21:16]} Rxh6 {[%clk 0:55:16]} 13. Qd2 {[%clk 1:21:43]} Ng8
{[%clk 0:54:42]} 14. g4 {[%clk 1:21:08]} Ne5 {[%clk 0:51:09]} 15. Qf4
{[%clk 1:21:08]} Nf7 {[%clk 0:48:24]} 16. O-O-O {[%clk 1:19:50]} Qe7
{[%clk 0:46:10]} 17. Rdg1 {[%clk 1:14:03]} d5 {[%clk 0:34:21]} 18. Bxd5
{[%clk 1:01:26]} Qd6 {[%clk 0:26:05]} 19. Qe3 {[%clk 0:52:20]} Ne7
{[%clk 0:25:52]} 20. Be4 {[%clk 0:51:02]} e5 {[%clk 0:20:10]} 21. Qd2
{[%clk 0:43:46]} Ng5 {[%clk 0:14:51]} 22. e3 {[%clk 0:42:10]} Nxe4 23. Nxe4
{[%clk 0:42:26]} Qc6 {[%clk 0:10:56]} 24. f4 {[%clk 0:42:15]} exf4
{[%clk 0:10:30]} 25. exf4 {[%clk 0:43:12]} Bxg4 26. Rxg4 {[%clk 0:23:41]} f5
{[%clk 0:10:54]} 27. Rg7 {[%clk 0:23:17]} fxe4 {[%clk 0:10:45]} 28. dxe4
{[%clk 0:23:01]} Qxe4 {[%clk 0:06:40]} 29. Re1 {[%clk 0:22:38]} Qxc4+
{[%clk 0:07:07]} 30. Qc2 {[%clk 0:22:40]} Qxf4+ {[%clk 0:05:59]} 31. Kb1
{[%clk 0:22:46]} Re6 {[%clk 0:05:47]} 32. Qg6+ {[%clk 0:15:41]} Nxg6
{[%clk 0:04:13]} 33. Rxe6+ {[%clk 0:16:05]} Kf8 {[%clk 0:04:06]} 34. Rexg6
{[%clk 0:15:29]} Qe4+ {[%clk 0:04:17]} 35. Kc1 {[%clk 0:15:55]} Qc4+
{[%clk 0:04:35]} 36. Kb1 {[%clk 0:16:16]} Rd8 {[%clk 0:04:00]} 37. Rg1
{[%clk 0:16:29]} Rd2 {[%clk 0:03:52]} 38. Ka1 {[%clk 0:16:09]} Rc2
{[%clk 0:01:53]} 39. Kb1 {[%clk 0:15:46]} Rf2 {[%clk 0:01:46]} 40. Rxb7
{[%clk 0:15:39]} Qd3+ {[%clk 0:02:09]} 41. Ka1 {[%clk 0:16:03]} Qf1+
{[%clk 0:02:35]} 42. Rxf1 {[%clk 0:16:27]} Rxf1# 0-1

[Event "Ïåðâåíñòâî Ìîñêâû ïî øàõìàòàì 2015 ñðåäè ìàëü÷èêîâ (Ì19)"]
[Site "Moscow"]
[Date "2015.11.15"]
[Round "4.6"]
[White "Êðàñèêîâ, Âëàäèñëàâ"]
[Black "Ìàòþíèí, Ìàêñèì"]
[Result "1-0"]
[WhiteElo "2113"]
[BlackElo "2136"]
[PlyCount "0"]
[EventDate "2015.11.12"]

1. d4 {[%clk 1:24:59]} e6 {[%clk 1:30:55]} 2. c4 {[%clk 1:25:25]} d5
{[%clk 1:31:18]} 3. Nc3 {[%clk 1:25:46]} Be7 {[%clk 1:31:43]} 4. Nf3
{[%clk 1:26:10]} Nf6 {[%clk 1:32:05]} 5. Bg5 {[%clk 1:26:37]} O-O
{[%clk 1:32:29]} 6. e3 {[%clk 1:27:04]} h6 {[%clk 1:32:54]} 7. Bh4
{[%clk 1:27:31]} b6 {[%clk 1:33:19]} 8. Bd3 {[%clk 1:27:58]} dxc4
{[%clk 1:33:37]} 9. Bxc4 {[%clk 1:28:15]} Bb7 {[%clk 1:34:04]} 10. O-O
{[%clk 1:28:39]} Nbd7 {[%clk 1:34:11]} 11. Qe2 {[%clk 1:29:03]} c5
{[%clk 1:34:18]} 12. Rfd1 {[%clk 1:29:29]} Rc8 {[%clk 1:27:40]} 13. Bg3
{[%clk 1:26:04]} Nh5 {[%clk 1:22:37]} 14. dxc5 {[%clk 1:10:06]} Nxg3
{[%clk 1:21:23]} 15. hxg3 {[%clk 1:10:34]} Rxc5 {[%clk 1:20:49]} 16. Bb5
{[%clk 1:10:03]} Bc6 {[%clk 1:19:15]} 17. Bxc6 {[%clk 1:07:56]} Rxc6
{[%clk 1:19:10]} 18. Qb5 {[%clk 1:04:01]} Rd6 {[%clk 1:15:59]} 19. Rxd6
{[%clk 0:57:00]} Bxd6 {[%clk 1:16:25]} 20. Rd1 {[%clk 0:57:23]} Nb8
{[%clk 0:41:23]} 21. Ne4 {[%clk 0:56:19]} Qc7 {[%clk 0:40:42]} 22. Nxd6
{[%clk 0:55:17]} Rd8 {[%clk 0:40:29]} 23. Qd3 {[%clk 0:54:15]} Nc6
{[%clk 0:40:29]} 24. e4 {[%clk 0:51:47]} f6 {[%clk 0:39:23]} 25. Rd2
{[%clk 0:47:45]} a6 {[%clk 0:33:10]} 26. Qa3 {[%clk 0:45:36]} Ne5
{[%clk 0:33:23]} 27. Qc3 {[%clk 0:44:51]} Nxf3+ {[%clk 0:30:39]} 28. gxf3
{[%clk 0:45:10]} Qxc3 29. bxc3 {[%clk 0:45:39]} b5 {[%clk 0:30:17]} 30. c4
{[%clk 0:45:26]} Kf8 {[%clk 0:29:51]} 31. c5 {[%clk 0:43:36]} Ke7
{[%clk 0:30:08]} 32. e5 fxe5 {[%clk 0:30:18]} 33. Ne4 {[%clk 0:43:57]} Rxd2 34.
Nxd2 {[%clk 0:44:26]} Kd7 {[%clk 0:30:52]} 35. Kf1 {[%clk 0:44:33]} Kc6
{[%clk 0:31:16]} 36. Ne4 {[%clk 0:44:41]} Kd5 {[%clk 0:30:58]} 37. Ke2
{[%clk 0:45:04]} g5 {[%clk 0:31:14]} 38. g4 {[%clk 0:45:22]} a5 {[%clk 0:31:03]}
39. Kd3 {[%clk 0:45:41]} Kc6 {[%clk 0:31:28]} 40. a4 bxa4 {[%clk 0:31:15]} 41.
Kc4 {[%clk 0:45:12]} Kc7 {[%clk 0:31:09]} 42. Nc3 {[%clk 0:45:19]} 1-0

[Event "Ïåðâåíñòâî Ìîñêâû ïî øàõìàòàì 2015 ñðåäè ìàëü÷èêîâ (Ì19)"]
[Site "Moscow"]
[Date "2015.11.15"]
[Round "4.7"]
[White "Êàòâàëÿí, Àâåòèê"]
[Black "Âèõàðåâ, Àëåêñåé"]
[Result "0-1"]
[WhiteElo "1829"]
[BlackElo "2055"]
[PlyCount "0"]
[EventDate "2015.11.12"]

1. d4 Nf6 2. c4 e6 3. Nc3 d5 4. Bg5 Nbd7 5. e3 c6 6. c5 e5 7. Be2 exd4 8. exd4
Be7 9. Nf3 O-O 10. O-O Re8 11. Bd3 Nf8 12. Ne5 Bxc5 13. Nxf7 Qe7 14. dxc5 Qxf7
15. Bxf6 Qxf6 16. Qc2 Bg4 17. Rae1 Bh5 18. Re3 Rxe3 19. fxe3 Qe7 20. Qf2 Qxc5 21.
Kh1 Qe7 22. e4 Bg6 23. Qd4 dxe4 24. Bxe4 Bxe4 25. Nxe4 Rd8 26. Qc4+ Qe6 27. Qb4
h6 28. Ng3 b6 29. b3 c5 30. Qf4 Ng6 31. Qc7 Qd7 32. Qxd7 Rxd7 33. Ne4 Rd4 34. Re1
Kf7 35. Kg1 Nf4 36. Re3 Nd5 37. Re2 Nf6 38. Nc3 a6 39. h3 Rd3 40. Rc2 Ke6 41. Kf2
Rxc3 0-1

[Event "Ïåðâåíñòâî Ìîñêâû ïî øàõìàòàì 2015 ñðåäè ìàëü÷èêîâ (Ì19)"]
[Site "Moscow"]
[Date "2015.11.15"]
[Round "4.8"]
[White "Áàãäàñàðîâ, Ýäóàðä"]
[Black "Ãðèãîðüÿíö, Îëåã"]
[Result "0-1"]
[WhiteElo "2003"]
[BlackElo "1741"]
[PlyCount "0"]
[EventDate "2015.11.12"]

1. e4 {[%clk 1:20:30]} e5 {[%clk 1:30:10]} 2. Nf3 {[%clk 1:16:41]} Nc6
{[%clk 1:30:36]} 3. Bc4 {[%clk 1:17:07]} Nf6 {[%clk 1:31:02]} 4. Nc3
{[%clk 1:16:57]} Bc5 {[%clk 1:31:05]} 5. d3 {[%clk 1:17:06]} O-O {[%clk 1:31:25]}
6. Bg5 h6 7. Bh4 d6 8. Nd5 g5 9. Bg3 {[%clk 1:02:52]} Nxd5 {[%clk 1:30:43]} 10.
Bxd5 {[%clk 1:05:31]} Ne7 {[%clk 1:30:02]} 11. Nd2 {[%clk 1:04:48]} c6
{[%clk 1:27:52]} 12. Bb3 {[%clk 1:04:57]} Ng6 {[%clk 1:24:07]} 13. Qh5
{[%clk 1:03:57]} Kg7 {[%clk 1:22:41]} 14. O-O {[%clk 1:03:10]} g4
{[%clk 1:16:02]} 15. Kh1 {[%clk 1:00:42]} Qg5 {[%clk 1:07:11]} 16. Qxg5
{[%clk 0:59:46]} hxg5 {[%clk 1:07:32]} 17. f3 {[%clk 0:58:29]} Nf4
{[%clk 1:00:49]} 18. Bxf4 {[%clk 0:53:53]} gxf4 {[%clk 1:00:13]} 19. fxg4
{[%clk 0:52:39]} Bxg4 {[%clk 1:00:11]} 20. Nf3 {[%clk 0:44:23]} f6
{[%clk 0:57:33]} 21. h3 {[%clk 0:35:24]} Rh8 {[%clk 0:55:20]} 22. Nh2
{[%clk 0:32:52]} Bh5 {[%clk 0:53:20]} 23. Be6 {[%clk 0:31:58]} Rae8
{[%clk 0:44:58]} 24. Bg4 {[%clk 0:32:14]} Bxg4 {[%clk 0:44:59]} 25. Nxg4
{[%clk 0:32:24]} Rh4 {[%clk 0:45:26]} 26. Nh2 {[%clk 0:28:36]} Kf7
{[%clk 0:44:53]} 27. Nf3 {[%clk 0:27:32]} Rh6 {[%clk 0:42:58]} 28. Kh2
{[%clk 0:24:10]} Be3 {[%clk 0:40:32]} 29. Rae1 {[%clk 0:22:22]} Rd8
{[%clk 0:38:43]} 30. c3 {[%clk 0:21:39]} Rhh8 {[%clk 0:36:41]} 31. Re2
{[%clk 0:21:34]} Rhg8 32. Nh4 {[%clk 0:20:31]} d5 {[%clk 0:27:07]} 33. Nf5
{[%clk 0:20:26]} Ke6 {[%clk 0:22:46]} 34. Nxe3 {[%clk 0:19:10]} fxe3
{[%clk 0:23:09]} 35. Rxe3 {[%clk 0:16:39]} dxe4 {[%clk 0:23:29]} 36. dxe4
{[%clk 0:17:06]} Rd2 {[%clk 0:23:53]} 37. Rg3 {[%clk 0:17:26]} Rxg3
{[%clk 0:24:17]} 38. Kxg3 {[%clk 0:17:55]} Rxb2 {[%clk 0:24:38]} 39. h4
{[%clk 0:16:53]} Rxa2 {[%clk 0:23:57]} 40. h5 {[%clk 0:17:13]} Rd2
{[%clk 0:23:57]} 41. h6 {[%clk 0:17:03]} Rd7 {[%clk 0:23:44]} 42. Kh4
{[%clk 0:16:34]} Kf7 {[%clk 0:21:44]} 43. Kh5 {[%clk 0:11:48]} Rd2
{[%clk 0:21:16]} 44. Rb1 {[%clk 0:07:58]} b6 {[%clk 0:21:12]} 45. g3
{[%clk 0:06:41]} Rh2+ {[%clk 0:20:52]} 46. Kg4 {[%clk 0:07:10]} Rxh6
{[%clk 0:21:13]} 47. c4 {[%clk 0:06:11]} Rh8 {[%clk 0:20:29]} 48. Ra1
{[%clk 0:04:11]} Ra8 {[%clk 0:19:20]} 49. Kf5 {[%clk 0:03:59]} a5
{[%clk 0:19:27]} 50. Rd1 {[%clk 0:03:44]} Ke7 {[%clk 0:19:43]} 51. c5
{[%clk 0:02:45]} bxc5 {[%clk 0:19:45]} 52. Rb1 {[%clk 0:02:38]} a4
{[%clk 0:16:56]} 53. Rb7+ {[%clk 0:02:28]} Kd6 {[%clk 0:16:49]} 54. Kxf6
{[%clk 0:02:48]} a3 {[%clk 0:17:16]} 55. Rb1 {[%clk 0:02:41]} c4 {[%clk 0:16:58]}
56. Rd1+ {[%clk 0:02:36]} Kc5 {[%clk 0:17:05]} 57. Kxe5 {[%clk 0:01:48]} a2
{[%clk 0:17:27]} 58. Ra1 {[%clk 0:02:12]} c3 {[%clk 0:17:47]} 59. Kf6
{[%clk 0:01:58]} Kb4 {[%clk 0:17:37]} 60. e5 {[%clk 0:02:16]} Kb3
{[%clk 0:17:51]} 61. e6 Kb2 {[%clk 0:18:05]} 62. Re1 {[%clk 0:03:13]} a1=Q
{[%clk 0:18:24]} 63. Rxa1 {[%clk 0:03:41]} Kxa1 {[%clk 0:18:46]} 0-1

[Event "Ïåðâåíñòâî Ìîñêâû ïî øàõìàòàì 2015 ñðåäè ìàëü÷èêîâ (Ì19)"]
[Site "Moscow"]
[Date "2015.11.15"]
[Round "4.9"]
[White "Ãàëÿåâ, Èâàí"]
[Black "Ïîñèöåëüñêèé, Äìèòðèé"]
[Result "1/2-1/2"]
[WhiteElo "1976"]
[BlackElo "1747"]
[PlyCount "0"]
[EventDate "2015.11.12"]

1. e4 {[%clk 1:30:46]} e5 {[%clk 1:30:55]} 2. f4 {[%clk 1:30:35]} d5
{[%clk 1:31:14]} 3. exd5 {[%clk 1:30:57]} exf4 {[%clk 1:31:39]} 4. Nf3
{[%clk 1:31:13]} Nf6 {[%clk 1:32:01]} 5. d4 {[%clk 1:31:23]} Nxd5
{[%clk 1:32:10]} 6. Bc4 {[%clk 1:31:43]} Be6 {[%clk 1:27:57]} 7. Bxd5
{[%clk 1:30:49]} Bxd5 {[%clk 1:28:10]} 8. O-O {[%clk 1:30:55]} Be7
{[%clk 1:28:29]} 9. Bxf4 {[%clk 1:30:52]} O-O {[%clk 1:28:26]} 10. Nc3
{[%clk 1:24:15]} c5 {[%clk 1:23:08]} 11. Nxd5 {[%clk 1:09:29]} Qxd5
{[%clk 1:23:34]} 12. dxc5 {[%clk 1:09:31]} Qxc5+ {[%clk 1:23:31]} 13. Kh1
{[%clk 1:09:53]} Rd8 {[%clk 1:23:35]} 14. Qe1 {[%clk 1:08:48]} Nc6
{[%clk 1:23:24]} 15. c3 {[%clk 1:08:28]} Bf6 {[%clk 1:21:48]} 16. Qg3
{[%clk 1:07:41]} Rd3 {[%clk 1:07:45]} 17. Rae1 {[%clk 0:58:48]} Rad8
{[%clk 0:51:18]} 18. Bc7 {[%clk 0:54:21]} Rf8 {[%clk 0:47:23]} 19. Qg4
{[%clk 0:40:34]} Rd5 {[%clk 0:34:39]} 20. Qe4 {[%clk 0:38:09]} Rd7
{[%clk 0:30:39]} 21. Bg3 {[%clk 0:31:48]} Re7 {[%clk 0:30:00]} 22. Qf4
{[%clk 0:27:52]} Rfe8 {[%clk 0:22:35]} 23. Rxe7 Rxe7 24. Nh4 {[%clk 0:20:06]} Be5
{[%clk 0:08:01]} 25. Qg4 {[%clk 0:18:27]} f6 {[%clk 0:06:12]} 26. Nf5
{[%clk 0:18:40]} Rc7 {[%clk 0:06:09]} 27. Rd1 {[%clk 0:10:00]} Bxg3
{[%clk 0:04:21]} 28. hxg3 {[%clk 0:07:50]} Qe5 {[%clk 0:03:32]} 29. b4
{[%clk 0:04:49]} b5 {[%clk 0:03:10]} 30. a4 {[%clk 0:04:18]} g6 {[%clk 0:01:57]}
31. axb5 {[%clk 0:02:45]} Qxf5 {[%clk 0:02:11]} 32. Qxf5 {[%clk 0:01:43]} gxf5
{[%clk 0:02:40]} 33. bxc6 {[%clk 0:02:07]} Rxc6 {[%clk 0:02:53]} 34. Rd8+
{[%clk 0:01:58]} Kf7 {[%clk 0:03:02]} 35. Rd7+ {[%clk 0:02:16]} Kg6
{[%clk 0:02:14]} 36. Rxa7 {[%clk 0:02:38]} Rxc3 {[%clk 0:02:41]} 37. Kh2
{[%clk 0:03:03]} Rc4 {[%clk 0:02:50]} 38. Rb7 {[%clk 0:03:11]} f4
{[%clk 0:03:03]} 39. gxf4 {[%clk 0:03:19]} Rxf4 {[%clk 0:03:25]} 40. b5
{[%clk 0:03:42]} Rb4 {[%clk 0:03:45]} 41. b6 {[%clk 0:04:08]} Kf5
{[%clk 0:03:55]} 42. Rb8 {[%clk 0:04:20]} Ke6 {[%clk 0:03:54]} 43. b7
{[%clk 0:04:20]} Kd7 {[%clk 0:01:40]} 44. Kh3 {[%clk 0:04:26]} h5
{[%clk 0:01:28]} 45. g3 {[%clk 0:03:55]} Rb6 {[%clk 0:00:49]} 46. Kh4
{[%clk 0:03:27]} Kc7 {[%clk 0:01:06]} 47. Rc8+ {[%clk 0:02:01]} Kxb7
{[%clk 0:01:27]} 48. Rc3 {[%clk 0:02:20]} Rc6 {[%clk 0:01:35]} 49. Rf3
{[%clk 0:02:31]} Kc7 {[%clk 0:01:49]} 50. Kxh5 {[%clk 0:02:51]} Kd7
{[%clk 0:02:12]} 51. Re3 {[%clk 0:02:43]} Re6 {[%clk 0:02:34]} 52. Ra3
{[%clk 0:02:54]} Ke7 {[%clk 0:02:50]} 53. Kg6 {[%clk 0:03:17]} f5+
{[%clk 0:02:00]} 54. Kxf5 {[%clk 0:03:41]} Rb6 {[%clk 0:02:21]} 55. g4
{[%clk 0:03:58]} Kf8 {[%clk 0:02:36]} 56. g5 {[%clk 0:04:00]} Rb8
{[%clk 0:02:53]} 57. Kg6 {[%clk 0:04:01]} Kg8 {[%clk 0:03:17]} 58. Kh6
{[%clk 0:04:10]} Rc8 {[%clk 0:03:40]} 59. Ra7 {[%clk 0:04:33]} Rb8
{[%clk 0:03:55]} 60. g6 {[%clk 0:04:43]} Rc8 {[%clk 0:04:18]} 61. Ra6
{[%clk 0:04:42]} Rb8 {[%clk 0:04:42]} 62. Rf6 {[%clk 0:04:58]} Ra8
{[%clk 0:05:04]} 63. g7 {[%clk 0:05:11]} Rb8 {[%clk 0:05:15]} 64. Kg6
{[%clk 0:05:28]} Rb6 {[%clk 0:05:16]} 65. Kg5 {[%clk 0:05:47]} Rb5+
{[%clk 0:05:40]} 66. Kg6 {[%clk 0:06:13]} Rb6 67. Kg5 1/2-1/2

[Event "Ïåðâåíñòâî Ìîñêâû ïî øàõìàòàì 2015 ñðåäè ìàëü÷èêîâ (Ì19)"]
[Site "Moscow"]
[Date "2015.11.15"]
[Round "4.10"]
[White "Ñåëèâåðñòîâ, Âëàäèñëàâ"]
[Black "Ãàðàíèí, Äàíèèë"]
[Result "1-0"]
[WhiteElo "1954"]
[BlackElo "1659"]
[PlyCount "0"]
[EventDate "2015.11.12"]

1. Nf3 g6 2. d4 Bg7 3. c4 d6 4. Nc3 Nf6 5. Bg5 h6 6. Bh4 O-O 7. e3 c5 8. Be2 cxd4
9. exd4 Bf5 10. O-O Nbd7 11. Rc1 Rc8 12. h3 Nb6 13. b3 Ne4 14. Nxe4 Bxe4 15. a4
Bf5 16. a5 Na8 17. Qd2 Nc7 18. d5 Na6 19. b4 Bd7 20. Rfe1 Re8 21. Nh2 Kh7 22. f4
Qc7 23. c5 Nb8 24. Bd3 dxc5 25. Bxe7 b6 26. Kh1 Bc6 27. d6 Qb7 28. a6 Qa8 29.
bxc5 bxc5 30. f5 Bd4 31. fxg6+ fxg6 32. Re6 Rg8 33. Ng4 Bxg2+ 34. Kh2 Rg7 35.
Rxg6 Be4 36. Qxh6+ Kg8 37. Rxg7+ Bxg7 38. Qe6+ Kh8 39. Bxe4 Nc6 40. Rxc5 Nxe7 41.
Rh5+ 1-0

[Event "Ïåðâåíñòâî Ìîñêâû ïî øàõìàòàì 2015 ñðåäè ìàëü÷èêîâ (Ì19)"]
[Site "Moscow"]
[Date "2015.11.16"]
[Round "5.1"]
[White "Åëåöêèé, Èâàí"]
[Black "Ñàëüìàí, Ïàâåë"]
[Result "1-0"]
[WhiteElo "2365"]
[BlackElo "2196"]
[PlyCount "0"]
[EventDate "2015.11.12"]

1. e4 {[%clk 1:30:12]} c5 {[%clk 1:30:54]} 2. Nf3 {[%clk 1:30:05]} e6
{[%clk 1:31:18]} 3. d4 {[%clk 1:29:54]} cxd4 {[%clk 1:31:42]} 4. Nxd4
{[%clk 1:30:17]} a6 {[%clk 1:32:08]} 5. c4 {[%clk 1:28:23]} Nf6 {[%clk 1:31:44]}
6. Nc3 {[%clk 1:28:34]} Qc7 {[%clk 1:32:03]} 7. Be2 {[%clk 1:24:35]} Be7
{[%clk 1:32:02]} 8. O-O {[%clk 1:24:43]} d6 {[%clk 1:31:51]} 9. Qd3
{[%clk 1:20:46]} Nbd7 {[%clk 1:27:48]} 10. f4 {[%clk 1:12:51]} b6
{[%clk 1:13:49]} 11. b4 {[%clk 1:13:15]} Bb7 {[%clk 1:11:10]} 12. f5
{[%clk 1:05:58]} e5 {[%clk 1:04:59]} 13. Nb3 {[%clk 0:41:53]} Rc8
{[%clk 1:02:42]} 14. Bd2 {[%clk 0:38:26]} Qb8 {[%clk 0:58:49]} 15. Rac1
{[%clk 0:37:56]} O-O {[%clk 0:55:38]} 16. Nd5 {[%clk 0:36:54]} Bd8
{[%clk 0:46:48]} 17. a4 {[%clk 0:30:26]} a5 {[%clk 0:38:44]} 18. b5
{[%clk 0:25:45]} Nc5 {[%clk 0:35:57]} 19. Nxc5 {[%clk 0:25:58]} dxc5
{[%clk 0:36:13]} 20. Bf3 {[%clk 0:25:33]} Bxd5 {[%clk 0:30:13]} 21. exd5
{[%clk 0:25:58]} Qd6 {[%clk 0:29:35]} 22. Be4 {[%clk 0:26:16]} Kh8
{[%clk 0:27:16]} 23. Kh1 {[%clk 0:26:40]} Rc7 {[%clk 0:21:25]} 24. Rce1
{[%clk 0:27:03]} Ne8 {[%clk 0:20:40]} 25. Qh3 {[%clk 0:26:22]} Qf6
{[%clk 0:19:27]} 26. Qd3 {[%clk 0:22:25]} Nd6 {[%clk 0:17:30]} 27. g3
{[%clk 0:21:45]} Re8 {[%clk 0:15:19]} 28. Kg2 {[%clk 0:21:49]} Nc8
{[%clk 0:12:39]} 29. h4 {[%clk 0:21:33]} Qd6 {[%clk 0:12:59]} 30. g4
{[%clk 0:20:15]} f6 {[%clk 0:11:40]} 31. g5 {[%clk 0:20:00]} Ne7 {[%clk 0:11:37]}
32. Qf3 {[%clk 0:18:32]} Ng8 {[%clk 0:10:54]} 33. Kf2 {[%clk 0:16:54]} Rf8
{[%clk 0:10:45]} 34. Ke2 {[%clk 0:17:07]} Rd7 {[%clk 0:10:17]} 35. Kd1
{[%clk 0:17:21]} Rc7 {[%clk 0:09:42]} 36. Kc2 {[%clk 0:17:46]} Rd7
{[%clk 0:10:08]} 37. Rg1 {[%clk 0:17:00]} Ra7 {[%clk 0:09:27]} 38. Rg2
{[%clk 0:16:55]} Rd7 {[%clk 0:09:16]} 39. Reg1 {[%clk 0:17:03]} Ra7
{[%clk 0:09:14]} 40. Rf1 {[%clk 0:15:22]} Rd7 {[%clk 0:09:21]} 41. Qe2
{[%clk 0:14:16]} Ra7 {[%clk 0:09:19]} 42. Qd3 {[%clk 0:13:29]} Rd7
{[%clk 0:09:30]} 43. Bf3 {[%clk 0:13:13]} Ra7 {[%clk 0:08:40]} 44. Bh5
{[%clk 0:12:43]} Rd7 {[%clk 0:07:41]} 45. Qe2 {[%clk 0:12:48]} Ne7
{[%clk 0:03:28]} 46. g6 {[%clk 0:12:05]} Bc7 {[%clk 0:02:19]} 47. gxh7
{[%clk 0:12:12]} Nxd5 {[%clk 0:02:38]} 48. cxd5 {[%clk 0:09:49]} Qxd5
{[%clk 0:03:07]} 49. Kb2 {[%clk 0:09:26]} Qd4+ {[%clk 0:02:09]} 50. Bc3
{[%clk 0:09:45]} Qxh4 {[%clk 0:01:29]} 51. Qg4 {[%clk 0:08:55]} Qxg4
{[%clk 0:01:34]} 52. Rxg4 {[%clk 0:09:20]} Rfd8 {[%clk 0:01:33]} 53. Kb3
{[%clk 0:09:01]} Rd3 {[%clk 0:01:39]} 54. Rfg1 {[%clk 0:09:00]} R8d7
{[%clk 0:01:44]} 55. Be8 {[%clk 0:09:05]} Re7 {[%clk 0:02:13]} 56. Bc6
{[%clk 0:08:54]} Rh3 {[%clk 0:02:05]} 57. Rd1 {[%clk 0:08:30]} Kxh7
{[%clk 0:01:58]} 58. Rgg1 {[%clk 0:08:34]} Kh6 {[%clk 0:00:57]} 59. Rh1
{[%clk 0:08:28]} Rxh1 {[%clk 0:01:26]} 60. Rxh1+ {[%clk 0:08:50]} Kg5
{[%clk 0:01:54]} 61. Be4 {[%clk 0:09:00]} Rd7 {[%clk 0:01:49]} 62. Kc4
{[%clk 0:08:28]} Kf4 {[%clk 0:01:45]} 63. Re1 {[%clk 0:08:38]} Bb8
{[%clk 0:01:30]} 64. Bd3 {[%clk 0:09:04]} Kf3 {[%clk 0:01:29]} 65. Be4+
{[%clk 0:08:29]} Kf4 {[%clk 0:01:57]} 66. Bb2 {[%clk 0:08:54]} Kg3
{[%clk 0:02:04]} 67. Re2 {[%clk 0:08:41]} Bc7 {[%clk 0:01:59]} 68. Bd5
{[%clk 0:08:23]} Bb8 {[%clk 0:01:48]} 69. Bc1 {[%clk 0:08:30]} Kh3
{[%clk 0:01:38]} 70. Be3 {[%clk 0:08:19]} Kg4 {[%clk 0:01:40]} 71. Be4
{[%clk 0:08:35]} Kh3 {[%clk 0:01:35]} 72. Rg2 {[%clk 0:08:48]} Rd1
{[%clk 0:00:47]} 73. Rxg7 {[%clk 0:08:22]} Ra1 {[%clk 0:01:16]} 74. Bc2
{[%clk 0:08:19]} e4 {[%clk 0:01:45]} 75. Rg1 {[%clk 0:08:20]} Rxg1
{[%clk 0:01:46]} 76. Bxg1 {[%clk 0:08:46]} Kg2 {[%clk 0:02:15]} 77. Bxc5
{[%clk 0:07:43]} bxc5 {[%clk 0:02:44]} 78. Bxe4+ {[%clk 0:08:07]} Kg3
{[%clk 0:02:58]} 79. Kxc5 {[%clk 0:08:24]} Kf4 {[%clk 0:02:43]} 80. Bb1
{[%clk 0:08:43]} Ke3 {[%clk 0:02:43]} 81. b6 {[%clk 0:08:54]} Kd2
{[%clk 0:02:55]} 82. Ba2 {[%clk 0:08:06]} Kc3 {[%clk 0:03:06]} 83. Be6
{[%clk 0:08:25]} Be5 {[%clk 0:03:18]} 84. b7 {[%clk 0:07:44]} Bh2
{[%clk 0:03:00]} 85. Kb5 {[%clk 0:06:11]} Kd4 {[%clk 0:03:24]} 86. Kc6
{[%clk 0:06:29]} Kc3 {[%clk 0:03:18]} 87. Kb6 {[%clk 0:05:41]} Kb4
{[%clk 0:03:43]} 88. Bd7 {[%clk 0:05:49]} Bb8 {[%clk 0:03:55]} 89. Bb5
{[%clk 0:06:15]} 1-0

[Event "Ïåðâåíñòâî Ìîñêâû ïî øàõìàòàì 2015 ñðåäè ìàëü÷èêîâ (Ì19)"]
[Site "Moscow"]
[Date "2015.11.16"]
[Round "5.2"]
[White "Ñàâåíêîâ, Êîíñòàíòèí"]
[Black "Àëåêñàíäðîâñêèé, Äìèòðèé"]
[Result "0-1"]
[WhiteElo "2324"]
[BlackElo "2183"]
[PlyCount "0"]
[EventDate "2015.11.12"]

1. e4 {[%clk 1:30:58]} Nf6 {[%clk 1:30:44]} 2. e5 {[%clk 1:31:21]} Nd5
{[%clk 1:31:08]} 3. c4 {[%clk 1:30:58]} Nb6 {[%clk 1:31:30]} 4. d4
{[%clk 1:31:24]} d6 {[%clk 1:31:31]} 5. exd6 {[%clk 1:31:50]} cxd6
{[%clk 1:31:25]} 6. Nc3 {[%clk 1:32:05]} g6 {[%clk 1:30:22]} 7. Be3
{[%clk 1:32:07]} Bg7 {[%clk 1:28:36]} 8. Rc1 {[%clk 1:32:15]} Nc6
{[%clk 1:27:07]} 9. b3 {[%clk 1:30:37]} O-O {[%clk 1:25:23]} 10. d5
{[%clk 1:30:37]} Ne5 {[%clk 1:24:02]} 11. Be2 {[%clk 1:31:03]} f5
{[%clk 1:20:20]} 12. f4 {[%clk 1:31:25]} Ng4 {[%clk 1:19:14]} 13. Bd4
{[%clk 1:31:33]} e5 {[%clk 1:13:18]} 14. dxe6 {[%clk 1:31:59]} Bxe6
{[%clk 1:11:57]} 15. Nf3 {[%clk 1:29:41]} h6 {[%clk 1:02:18]} 16. O-O
{[%clk 1:15:07]} Nf6 {[%clk 0:59:59]} 17. c5 {[%clk 1:02:07]} dxc5
{[%clk 0:54:00]} 18. Bxc5 {[%clk 1:02:29]} Re8 {[%clk 0:51:23]} 19. Nd4
{[%clk 0:51:06]} Bf7 {[%clk 0:47:24]} 20. Ndb5 {[%clk 0:47:49]} Nbd5
{[%clk 0:39:23]} 21. Nxd5 {[%clk 0:41:08]} Bxd5 {[%clk 0:39:03]} 22. Nd6
{[%clk 0:31:44]} Re6 {[%clk 0:36:42]} 23. Nb5 {[%clk 0:28:40]} Rc8
{[%clk 0:31:22]} 24. Nxa7 {[%clk 0:22:12]} Rxc5 {[%clk 0:29:49]} 25. Rxc5
{[%clk 0:22:35]} Qb6 {[%clk 0:29:04]} 26. Qd4 {[%clk 0:22:52]} Rxe2
{[%clk 0:24:50]} 27. Rf2 {[%clk 0:17:17]} Re1+ {[%clk 0:21:36]} 28. Rf1
{[%clk 0:17:43]} Rxf1+ {[%clk 0:21:31]} 29. Kxf1 {[%clk 0:18:09]} Kh7
{[%clk 0:20:41]} 30. Nc8 {[%clk 0:17:08]} Qa6+ {[%clk 0:20:30]} 31. Ke1
{[%clk 0:17:09]} Bxg2 {[%clk 0:07:58]} 32. Qc4 {[%clk 0:05:45]} Qxa2
{[%clk 0:06:12]} 33. Ne7 {[%clk 0:05:20]} Qb1+ {[%clk 0:06:11]} 34. Kf2
{[%clk 0:05:40]} Ng4+ {[%clk 0:06:24]} 35. Kg3 {[%clk 0:05:40]} Qe1+
{[%clk 0:06:48]} 0-1